=LDR 00000nam 2200000 4500 =001 INLIS000000000019309 =005 20130612114404 =008 ***********************************Ind** =035 ##$$0010-061300000019309 =041 ##$$a Ind =082 ##$$a 400 =090 ##$$a 400, Num m =100 ##$$a Numanuka, Eko Setyo =245 ##$$a Mesin penerjemah, suatu tinjauan linguistik, Eko Humanika =260 ##$$a 2002 $b Yogyakarta =300 ##$$a x, 99 hlm, 21 cm =650 ##$$a Bahasa =850 ##$$a NBPNMAT